Principles of measurement systems / (Record no. 180886)
[ view plain ]
| 000 -LEADER | |
|---|---|
| fixed length control field | 00914 a2200241 4500 |
| 003 - CONTROL NUMBER IDENTIFIER | |
| control field | NUST |
| 005 - DATE AND TIME OF LATEST TRANSACTION | |
| control field | 20221128155948.0 |
| 010 ## - LIBRARY OF CONGRESS CONTROL NUMBER | |
| LC control number | 2004044467 |
| 020 ## - INTERNATIONAL STANDARD BOOK NUMBER | |
| International Standard Book Number | 9814053848 |
| 040 ## - CATALOGING SOURCE | |
| Transcribing agency | Nust |
| 082 00 - DEWEY DECIMAL CLASSIFICATION NUMBER | |
| Classification number | 530.8,BEN |
| 100 1# - MAIN ENTRY--PERSONAL NAME | |
| Personal name | Bentley, John P., |
| 9 (RLIN) | 39823 |
| 245 10 - TITLE STATEMENT | |
| Title | Principles of measurement systems / |
| Statement of responsibility, etc. | John P. Bentley. |
| 250 ## - EDITION STATEMENT | |
| Edition statement | 3rd ed. |
| 260 ## - PUBLICATION, DISTRIBUTION, ETC. | |
| Place of publication, distribution, etc. | New York : |
| Name of publisher, distributor, etc. | Pearson Prentice Hall, |
| Date of publication, distribution, etc. | 2000. |
| 300 ## - PHYSICAL DESCRIPTION | |
| Extent | 468p.: |
| 505 ## - FORMATTED CONTENTS NOTE | |
| Formatted contents note | The General Measurement Systems (Page-3), Typical Measurement Sys Elements (Page-135), Specialized Measurement Systems (Page-275), Optical Measurement Sys (Page-343), Ultrasonic Measurement Systems (Page-384), Gas Chromatography (Page-417), Data Acquisition And Comm. Systems (Page-431). |
| 650 #0 - SUBJECT ADDED ENTRY--TOPICAL TERM | |
| Topical term or geographic name entry element | Automatic control. |
| 650 #0 - SUBJECT ADDED ENTRY--TOPICAL TERM | |
| Topical term or geographic name entry element | Engineering instruments. |
| 650 #0 - SUBJECT ADDED ENTRY--TOPICAL TERM | |
| Topical term or geographic name entry element | Physical instruments. |
| 650 #0 - SUBJECT ADDED ENTRY--TOPICAL TERM | |
| Topical term or geographic name entry element | Physical measurements. |
| 942 ## - ADDED ENTRY ELEMENTS (KOHA) | |
| Source of classification or shelving scheme | |
| Koha item type | Book |
| Call number prefix | 530.8,BEN |
| Withdrawn status | Lost status | Source of classification or shelving scheme | Damaged status | Not for loan | Permanent Location | Current Location | Shelving location | Date acquired | Full call number | Barcode | Date last seen | Price effective from | Koha item type | Public note |
|---|---|---|---|---|---|---|---|---|---|---|---|---|---|---|
| Military College of Signals (MCS) | Military College of Signals (MCS) | General Stacks | 12/12/2016 | 530.8,BEN | MCS28585 | 12/08/2016 | 12/12/2016 | Book | Almirah No.16, Shelf No.2 |
